• 首页
  • 本馆介绍
  • 公告通知
  • 最新文献
  • 馆藏检索
  • 电子资源
  • 读者荐购
  • 参考咨询
  • CALIS
  • 我的图书馆
  • 登录
  • 详细信息显示
  • 放入我的书架
  • 预约/预借图书
  • 作者相关作品
  • 分类相关作品
  • 丛书相关作品
  • 出版社相关作品

书目信息

  • 表格格式
  • 工作单格式
  • 卡片格式
题名:
羽毛球实战技巧
    
 
作者: 肖杰 , 骞子 著
分册:  
出版信息: 北京   北京体育大学出版社  2006
页数: 154页
开本: 20cm
丛书名:
单 册:
中图分类: G847.19
科图分类:
主题词: 羽毛球运动 , 运动技术 , 羽毛球运动--运动技术--图解
电子资源:
ISBN: 7-81051-844-5
 
 
 
 
 
000 00850nam0 2200253 450
001 070730000906
005 20071015151804.52
010    @a7-81051-844-5@dCNY15.00
100    @a20030209d2006 em y0chiy0110 ea
101 0  @achi
102    @aCN@b110000
105    @aa z 000yy
200 1  @a羽毛球实战技巧@Ayu mao qiu shi zhan ji qiao@e技战术图解@f肖杰,骞子著
210    @a北京@c北京体育大学出版社@d2006
215    @a154页@c照片,图@d20cm
330    @a本书围绕实战这个核心问题,将赛场上的各种情景融入了对技战术的描述,并设计了与之紧密相关的练习手段,使读者明了在何种情况下运用及运用的方法。
606 0  @a羽毛球运动
606 0  @a运动技术
606 0  @a羽毛球运动@x运动技术@j图解
690    @aG847.19@v4
701  0 @a肖杰@Axiao jie@f(1965~)@4著
701  0 @a骞子@Aqian zi@c(羽毛球运动)@4著
801  0 @aCN@c20071015
905    @dG847.19@eX291
    
    羽毛球实战技巧:技战术图解/肖杰,骞子著.-北京:北京体育大学出版社,2006
    154页:照片,图;20cm
    
    
    ISBN 7-81051-844-5:CNY15.00
    本书围绕实战这个核心问题,将赛场上的各种情景融入了对技战术的描述,并设计了与之紧密相关的练习手段,使读者明了在何种情况下运用及运用的方法。
●
相关链接 在E读中查询图书 在当当中查询图书 在豆瓣中查询图书


正题名:羽毛球实战技巧     索取号:G847.19/X291         预约/预借

序号 登录号 条形码 馆藏地/架位号 状态 备注
1 651559   206515591   社科库409/409社科库 24排2列3层/ [索取号:G847.19/X291] 在馆    
2 651560   206515608   社科库409/409社科库 24排2列3层/ [索取号:G847.19/X291] 在馆    
3 651561   206515617   体育教学部资料室/ [索取号:G847.19/X291] 在馆    
河南城建学院图书馆 欢迎您!
大连网信软件有限公司© 版权所有